000 00917na a2200277 4500
001 16303
003 MIRAKIL
005 20181213155215.0
008 161003b tu 000 0
020 _a9754680183
035 _a16303
040 _aMilas
_btur
_cTR-AnCHP
041 _atur
082 _a923.256 Özal, T.
_bA66ö 1989
090 _a923.256 Özal,T. A66ö 1989
100 _aArol, Ender
245 _aÖzal'a laf söyletmem arkadaş
_cEnder Arol
260 _aİstanbul
_bSay yayınları
_c1989
300 _a222 s.
_c19 sm.
600 _aÖzal, Turgut
_d1927-1993
_xSiyasal ve sosyal görüşler
_yMizah
610 _aAnavatan Partisi (ANAP)
_xSiyaset ve yönetim
_yTarih ve eleştiri
_zTürkiye
650 _aÖzal, Turgut
_xBasın suçları
_yTarih ve eleştiri
650 _aDevlet adamları
_xTarih ve eleştiri
_yAnılar
651 _aTürkiye
_xSiyasal tarih
_yÖzal dönemi
942 _2dcc
_cBKS
999 _c8497
_d8497